<?xml version="1.0" encoding="UTF-8"?>
<marc:record xmlns:marc="http://www.loc.gov/MARC21/slim">
   <marc:leader>00000nam a2200000 a 4500</marc:leader>
   <marc:datafield ind1="1" ind2=" " tag="100">
      <marc:subfield code="a">Reichl, Ramona</marc:subfield>
      <marc:subfield code="4">aut</marc:subfield>
      <marc:subfield code="e">Verfasser/-in</marc:subfield>
   </marc:datafield>
   <marc:datafield ind1=" " ind2=" " tag="653">
      <marc:subfield code="a">Ernährung</marc:subfield>
   </marc:datafield>
   <marc:datafield ind1=" " ind2=" " tag="653">
      <marc:subfield code="a">Rezepte</marc:subfield>
   </marc:datafield>
   <marc:datafield ind1="0" ind2="0" tag="245">
      <marc:subfield code="a">Basische Ernährung für Einsteiger</marc:subfield>
   </marc:datafield>
   <marc:datafield ind1="0" ind2="0" tag="245">
      <marc:subfield code="b">mehr Gesundheit und Vitalität im Alltag - BONUS: basische Rezepte</marc:subfield>
   </marc:datafield>
   <marc:datafield ind1="0" ind2="0" tag="245">
      <marc:subfield code="c">Reichl, Ramona</marc:subfield>
   </marc:datafield>
   <marc:datafield ind1=" " ind2="1" tag="264">
      <marc:subfield code="a">Berlin</marc:subfield>
      <marc:subfield code="b">epubli</marc:subfield>
      <marc:subfield code="c">2018</marc:subfield>
   </marc:datafield>
   <marc:datafield ind1="1" ind2=" " tag="520">
      <marc:subfield code="a">Basische Ernährung für Einsteiger - mehr Gesundheit und Vitalität im Alltag - BONUS: basische Rezepte / von Ramona Reichl &#xD;
&#xD;
 &#xD;
Basische Ernährung gegen Übersäuerung:&#xD;
&#xD;
Fühlst Du dich auch manchmal schlapp und kaputt?&#xD;
Du weißt nicht genau woran dies liegt?&#xD;
Prüfe deine Ernährung!&#xD;
Ernährst Du dich gesund und ausgewogen? &#xD;
&#xD;
Die basische Ernährung für Anfänger hilft dir dabei!&#xD;
&#xD;
Unser Körper besteht aus sauren und basischen Flüssigkeiten. Diese müssen in Balance zueinander stehen. Die Säuren nehmen durch die falsche Ernährung überhand und verursachen z. B.:&#xD;
- Sodbrennen&#xD;
- Durchfall&#xD;
- Haarausfall&#xD;
- Müdigkeit&#xD;
- Bindegewebsschwäche&#xD;
&#xD;
Durch die basische Ernährung für Anfänger kannst Du all diese Probleme in den Griff bekommen.&#xD;
&#xD;
Handle jetzt, denn es ist nie zu spät seinen Lebensstil zu ändern!&#xD;
&#xD;
Dieser Ratgeber zeigt dir, wie Du Gesundheit und Vitalität durch die basische Ernährung in deinem Leben zurückgewinnst und steigerst:&#xD;
- Was ist der Säure Basen Haushalt?&#xD;
- Welche Auswirkungen hat er auf unsere Gesundheit und Vitalität?&#xD;
- Wie kann der Körper entsäuert werden?&#xD;
- Wie kann die basische Ernährung leicht in den Alltag integriert werden?&#xD;
- Welche Tipps und Tricks existieren bei der basischen Ernährung?&#xD;
&#xD;
BONUS: Rezepte für die basische Ernährung</marc:subfield>
   </marc:datafield>
   <marc:datafield ind1=" " ind2=" " tag="020">
      <marc:subfield code="a">9783746757230</marc:subfield>
      <marc:subfield code="9">9783746757230</marc:subfield>
   </marc:datafield>
   <marc:datafield ind1=" " ind2=" " tag="020">
      <marc:subfield code="a">3746757231</marc:subfield>
      <marc:subfield code="9">3746757231</marc:subfield>
   </marc:datafield>
   <marc:datafield ind1=" " ind2=" " tag="338">
      <marc:subfield code="a">Band</marc:subfield>
   </marc:datafield>
   <marc:datafield ind1=" " ind2=" " tag="300">
      <marc:subfield code="a">80 Seiten</marc:subfield>
   </marc:datafield>
</marc:record>
